000 00492nam a2200145Ia 4500
008 100204s9999 xx 000 0 und d
082 _b27224
100 _aउगावकर राम
245 _aसदाबहार वृध्दत्व
260 _b"विजय प्रकाशन , नागपूर"
_c2005
300 _a144
630 _aसदाबहार वृध्दत्व
730 _aसदाबहार वृध्दत्व
942 _cBOOK
999 _c472400
_d472397